[Event "11th Mumbai Mayors Cup 2018"]
[Site "Mumbai"]
[Date "2018.06.04"]
[Round "2"]
[White "Aaryan Varshney"]
[Black "Visakh N R"]
[Result "1/2-1/2"]
[WhiteElo "2209"]
[BlackElo "2467"]
[Annotator "TA"]
[PlyCount "155"]
[EventDate "2018.??.??"]
[EventType "swiss"]
[EventCountry "IND"]
[SourceTitle "playchess.com"]
[Source "ChessBase"]
[SourceQuality "1"]

{[%evp 17,155,8,15,-4,4,0,0,0,-9,-15,18,-1,6,-27,12,-55,-52,-55,-58,-54,-29,-33,-16,-21,-24,-18,-15,-19,-25,-31,-29,-29,-30,-30,-31,-34,-28,-20,43,-22,-22,-22,-22,-28,-26,-34,-10,-32,-11,-39,-37,-56,-39,-55,-39,-40,-40,-51,-40,-43,-40,-45,-29,-44,-45,-48,-29,-39,-39,-39,-5,-5,0,-5,0,-5,0,0,0,0,0,0,0,0,0,-93,-90,-93,-93,-93,-86,-81,-73,-100,-85,-85,-85,-85,-85,-85,-85,-77,-20,-20,-20,-20,-20,-20,-16,-16,-16,-16,-16,-16,0,-16,-16,-16,-15,-16,-15,-15,-15,-15,0,0,0,0,0,0,0,0,0,0,-4,-4,-4,-4,-4,-4]} 1. Nf3 d5 2. g3 c6 3. Bg2 Nf6 4. O-O Bf5 5. d3 h6 6. Nbd2 e6 7. b3 Be7 8. Bb2 O-O 9. Ne5 Bh7 {LiveBook: 21 Games. A07: Réti Opening: New York and Capablanca Systems} 10. a3 Nfd7 11. Nxd7 Nxd7 12. e4 $146 ({Predecessor:} 12. c4 a5 13. Bc3 Nf6 14. b4 d4 15. Bb2 axb4 16. axb4 Rxa1 17. Qxa1 Bxb4 {½-½ (24) Thiede,L (2411)-Dautov,R (2596) Germany 2018}) 12... Bf6 13. d4 Qb6 14. c3 Rfd8 15. e5 Be7 (15... Bg5 $5 {[%cal Rg5d2]}) 16. b4 (16. Re1 $11) 16... c5 $15 17. Qb3 cxd4 18. cxd4 Rdc8 19. Rfc1 Qd8 20. Bf1 Rxc1 21. Rxc1 Rc8 22. Rxc8 Qxc8 23. Qc3 Qxc3 24. Bxc3 Bc2 25. f4 Nb6 26. Kf2 Na4 27. Ba1 b6 (27... g5 $11) 28. Bb5 (28. Ba6 $1 $14) 28... a5 $11 29. Bxa4 Bxa4 {[%mdl 4096] Endgame KBB-KBN} 30. Bc3 Bd8 31. Nf3 Kf8 32. Ne1 Bb5 33. Ke3 a4 34. Nf3 Kg8 35. Kf2 Kh7 36. g4 Bd3 37. Kg3 Be2 38. h3 Bd1 39. Bd2 Be7 40. Bc1 Bc2 41. Bd2 Kg8 42. Ne1 Be4 43. Ng2 f5 44. Ne3 Kf7 45. Nd1 Bc2 46. Nc3 fxg4 47. hxg4 Bb3 48. Nb5 Bc4 49. Nd6+ Bxd6 $1 50. exd6 {KB-KB} Bd3 51. b5 (51. Kh4 $11 {remains equal.}) 51... Bxb5 $17 52. Bb4 Bd7 53. Kf3 Ke8 54. Bd2 Bc8 55. g5 Kf7 56. gxh6 gxh6 57. f5 h5 58. Kf4 exf5 59. Kg5 {[#]} Ke6 (59... f4 $1 $17 60. Bxf4 b5) 60. Kxh5 $11 {The position is equal.} Kxd6 {...Kc6 is the strong threat.} 61. Kg5 Ke6 62. Bf4 Bd7 63. Bc7 b5 {Threatens to win with ...b4!} 64. Ba5 $1 Be8 65. Bb4 Bd7 66. Bc5 Bc8 67. Bb4 Ba6 68. Bc5 {[#]} b4 $1 69. Bxb4 (69. axb4 Bb5) 69... Bd3 70. Kf4 Kd7 71. Bc5 Kc6 72. Ke5 Kb5 73. Kf4 Kc4 74. Ke5 Be4 75. Kf4 Kc3 76. Ke3 Kc2 77. Kf4 Kd3 78. Ba7 {Precision: White = 54%, Black = 62%.} 1/2-1/2

[Event "11th Mumbai Mayors Cup 2018"]
[Site "Mumbai"]
[Date "2018.06.04"]
[Round "2"]
[White "Meftahi, Houssem"]
[Black "Viani Antonio Dcunha"]
[Result "1-0"]
[WhiteElo "2138"]
[BlackElo "2424"]
[Annotator "TA"]
[PlyCount "115"]
[EventDate "2018.??.??"]
[EventType "swiss"]
[EventCountry "IND"]
[SourceTitle "playchess.com"]
[Source "ChessBase"]
[SourceQuality "1"]

{[%evp 25,115,-14,-8,-14,-15,-10,-16,-27,0,-35,-19,-30,0,-60,-38,-83,-120,-166,-57,-71,-42,-35,-47,-43,-10,-22,-7,-26,-6,-10,0,0,0,0,0,0,0,0,58,53,54,57,52,15,56,18,63,50,95,76,171,163,186,159,172,195,389,142,195,129,239,243,309,310,272,252,220,62,362,195,362,231,245,240,1083,985,1503,1122,1127,435,6019,5935,5026,930,29985,29982,29986,29987,29992,29988,29988,29989]} 1. Nf3 Nf6 2. c4 g6 3. Nc3 Bg7 4. e4 d6 5. d4 O-O 6. Be2 Nbd7 7. O-O e5 8. d5 Nc5 9. Nd2 a5 10. b3 Ne8 11. a3 f5 12. f3 Nf6 13. Rb1 Bd7 {LiveBook: 3 Games. E94: King's Indian: Classical: 6 Be2 e5 7 0-0: Various Black 7th moves} 14. b4 axb4 15. axb4 Na4 {The position is equal.} 16. Qc2 Bh6 17. Nxa4 Bxa4 18. Qd3 Bd7 $146 ({Predecessor:} 18... Nh5 19. g3 Qg5 20. Kh1 Nxg3+ 21. hxg3 Qxg3 22. Bd1 Bxd1 23. Rxd1 fxe4 24. Nxe4 Qh3+ 25. Kg1 Bxc1 {0-1 (25) Karner,C (2170)-Piven,I (2365) Aschach 1995}) 19. c5 (19. exf5 $1 $11 Nh5 20. Ne4 (20. fxg6 $2 Nf4 $19) 20... Bxc1 21. Rfxc1) 19... Nh5 $15 {Threatens to win with ...Qh4.} 20. Nc4 Bxc1 21. Rfxc1 {[#]} Qg5 (21... Ra2 $1 $19 22. Bf1 Qh4) 22. Qc2 fxe4 23. fxe4 {White wants to play Bxh5.} Nf4 {[%csl Gf4][%cal Rg5g2]} 24. Bf3 Bb5 25. Qb3 Rf6 26. Kh1 Raf8 27. Qe3 Nh3 28. Qxg5 Nxg5 29. Nd2 Bd3 30. Ra1 Rf4 {[%cal Rg5e4]} 31. Re1 h5 (31... c6 $11) 32. Re3 $1 $14 {[%cal Re3d3]} Bb5 33. Ra7 Rb8 34. Ra5 Bd7 35. Rc3 Rff8 36. Kg1 Nf7 37. Ra7 $36 {[%mdl 2048] White has strong initiative.} c6 (37... Bb5 $16 {was worth a try.}) 38. Nc4 $18 cxd5 39. exd5 {Strongly threatening c6.} Bf5 40. Ne3 ({Resist} 40. cxd6 $6 Rfc8 $14) (40. Nxd6 Nxd6 41. cxd6 Rfd8 $16) 40... h4 $2 (40... dxc5 41. bxc5 Ng5 42. Nxf5 gxf5) 41. Bg4 $2 (41. c6 $18 {is more deadly.}) 41... Bxg4 (41... dxc5 $16 42. bxc5 (42. Nxf5 gxf5 43. Bxf5 cxb4 $11) 42... Ng5) 42. Nxg4 Kg7 (42... Ng5 $16 {might work better.}) 43. h3 Rfd8 44. c6 bxc6 45. dxc6 Rxb4 46. Rd3 $2 ({White should play} 46. Rc1 $18) 46... Kf8 $2 {[%mdl 8192]} ({Better is} 46... Rd4 $1 $14 47. Rc3 Rc8) 47. Nf6 (47. Rf3 $142 Rf4 48. Rxf4 exf4 49. c7) 47... Rc8 $2 (47... e4 48. Rc3 Kg7) 48. Nd5 Rb1+ 49. Kh2 {aiming for Rf3.} Ng5 $2 (49... e4 50. Rd2 Rf1) 50. Ne7 Re8 51. Nxg6+ Kg8 52. c7 (52. Rxd6 $142 {Rdd7 is the strong threat.} Rb2 53. Nxh4) 52... e4 (52... Rc1 $142 53. Rxd6 Ne6 54. Ne7+ Rxe7) 53. Rxd6 {White threatens Rd8 and mate.} Rb2 {[#]} 54. Ne5 $1 {[%mdl 512]} Nf3+ (54... Rxe5 55. c8=Q+) 55. Nxf3 {White mates.} exf3 56. Rd8 Rxg2+ 57. Kh1 Rge2 58. c8=Q {Precision: White = 48%, Black = 25%.} 1-0

[Event "11th Mumbai Mayors Cup 2018"]
[Site "Mumbai"]
[Date "2018.06.04"]
[Round "2"]
[White "Chowdhury, Sohel"]
[Black "Rathnakaran, K."]
[Result "1-0"]
[WhiteElo "2111"]
[BlackElo "2385"]
[Annotator "TA"]
[PlyCount "151"]
[EventDate "2018.??.??"]
[EventType "swiss"]
[EventCountry "IND"]
[SourceTitle "playchess.com"]
[Source "ChessBase"]
[SourceQuality "1"]

{[%evp 15,151,24,38,3,14,0,25,0,0,0,97,106,83,0,-21,-8,0,0,135,100,160,155,150,129,129,128,281,114,123,87,102,98,98,106,116,121,147,106,167,168,191,182,315,310,376,369,557,569,685,659,612,481,470,425,367,258,249,247,637,633,1560,395,29993,7284,29992,427,435,443,435,408,429,413,404,368,364,361,415,406,430,418,669,651,980,991,1022,1002,996,951,948,927,874,758,752,628,533,480,445,347,390,392,386,389,348,0,270,0,372,344,685,733,727,724,663,670,716,727,754,735,779,745,709,733,1670,1383,5522,2991,29979,29979,29980,29979,29983,29984,29986,29987,29987,29988,29988,29989]} 1. e4 e6 2. d4 d5 3. exd5 exd5 4. Bd3 Nc6 5. c3 Bd6 6. Nf3 Bg4 7. O-O Nge7 8. h3 Bh5 {LiveBook: 19 Games. C01: French: Exchange Variation} 9. Be3 (9. b4 Bg6 10. a4 O-O 11. a5 a6 12. Re1 Bxd3 13. Qxd3 Ng6 14. Qf5 Nce7 15. Qh5 {½-½ (29) Pap,M (2509)-Rozentalis,E (2631) Kavala 2010}) 9... Qd7 10. Nbd2 f5 {And now ...f4 would win.The position is equal.} 11. Nb3 $146 ({Predecessor:} 11. Bg5 O-O-O 12. Bb5 Rde8 13. Qa4 a6 14. Bxe7 Rxe7 15. Bxc6 Qxc6 16. Qxc6 bxc6 {1-0 (48) Musil,M (2022)-Kolasin,J (2011) Rakovnik 2015}) 11... f4 12. Bd2 g5 (12... O-O-O $11) 13. Re1 O-O-O 14. Nc5 (14. c4 $1 $16 {[%cal Rc4c5] Black must now prevent c5.} Nb4 15. Bxb4 Bxb4 16. Re5 dxc4 17. Bxc4) 14... Bxc5 $11 15. dxc5 Bxf3 16. Qxf3 h5 (16... Ng6 $11 {keeps the balance.}) 17. b4 $1 $16 {[%cal Bb2b4,Bb4b5][%mdl 32]} Rdf8 ({Better is} 17... Nf5) 18. b5 Nd8 19. Qe2 Nf5 20. Rab1 Rhg8 $2 (20... b6 $16) 21. c6 (21. Qxh5 $18 {is the precise move to win. Threatens to win with Re5.} Ng7 22. Qd1) 21... Qf7 22. cxb7+ Kb8 23. Rb4 Re8 24. Qd1 Rxe1+ 25. Bxe1 (25. Qxe1 $6 Nxb7 26. Qd1 h4 $11) 25... Nd6 26. Be2 $40 {[%cal Bd3e2,Be2g4,Bg4h3][%mdl 160] White goes for the king.} g4 (26... Re8 $16 {was worth a try.}) 27. hxg4 $18 hxg4 28. Bxg4 Ne4 (28... N8xb7 $142 29. Rd4 Qe7) 29. f3 Ng3 30. Bf2 Rh8 (30... Nxb7 {is a better defense.} 31. Ra4 Rxg4) 31. Bh3 $1 (31. Bxg3 fxg3 32. Qe1 Nxb7 $16) 31... c5 32. bxc6 Nxc6 33. Qa4 Qc7 34. Rb2 d4 35. Qc4 {Qe6 is the strong threat.} dxc3 36. Qxc3 Re8 $2 (36... Rd8 37. Qc2 Nb4 38. Bxa7+ Kxb7 39. Rxb4+ Ka8) 37. Qc4 Rd8 {aiming for ...Rd1+.} 38. Rb1 $2 (38. Kh2 Qd6 39. Rb1) 38... Qd6 $2 {[#]} (38... Nd4 $18 39. Qb4 (39. Bxd4 Qxc4 40. Be5+ Qc7 $16) 39... Qc2) 39. Kh2 (39. Bxa7+ $142 $1 {[%mdl 512]} Kxa7 40. Qa4+ Na5 41. Qxa5+ Qa6 42. Qc5+ Qb6 43. Qxb6+ (43. Rxb6 $2 {gets mated.} Rd1+ 44. Kh2 Rh1#) 43... Kb8 44. Qxd8+ Ka7 45. Qa8#) 39... Rh8 {[#]} 40. Qxf4 (40. Bxa7+ $142 $1 {[%mdl 512]} Kxa7 41. Qa4+ Na5 42. Qxa5+ Qa6 43. Qc5+ Qb6 44. Qxb6+ Kb8 45. Qd6+ Ka7 46. b8=Q+ Rxb8 47. Qa3#) 40... Nf1+ ({Much worse is} 40... Qxf4 41. Bxg3 Rh4 42. Bxf4+ $18) 41. Rxf1 Qxf4+ 42. Bg3 Qxg3+ 43. Kxg3 Kxb7 {[%mdl 4096] Endgame KRB-KRN} 44. Rb1+ Kc7 45. Rd1 a5 46. Bf5 Nb4 47. a3 Na6 (47... Nc6 $142 48. Rd7+ Kb6) 48. Kf4 Nc5 49. g4 Nb7 50. Rd7+ Kc6 51. Rh7 Rf8 52. Ke5 Nd6 53. Rh6 Rd8 54. Kf4 Kc5 55. Rh5 Rf8 56. Rh2 Nc4 57. Ra2 a4 58. Kg5 Kd4 59. Kf4 $2 (59. f4 $18) 59... Kc3 $2 {[%mdl 8192]} (59... Kc5 $1 $11 {and Black has nothing to worry.} 60. Kg3 Kd6) 60. Kg5 $2 (60. Kg3 $18) 60... Kb3 $2 {[%mdl 8192]} (60... Kd4 $1 $11 {and Black is okay.} 61. f4 Rg8+ 62. Kf6 Ke3) 61. Re2 Kxa3 $2 (61... Nxa3 62. f4 Nb5) 62. Be6 Nd6 63. f4 {[%cal Bf3f4,Bf4f5][%mdl 32]} Kb4 64. f5 a3 65. Kg6 Re8 66. g5 Nb5 67. Kf7 Ra8 68. g6 Nc3 69. Re1 Ra7+ 70. Kf6 a2 71. g7 {White mates.} a1=Q 72. Rxa1 Rxa1 73. g8=Q Ne4+ 74. Ke5 Nc5 75. Qb8+ Kc3 76. Qc7 {Precision: White = 63%, Black = 31%.} 1-0

[Event "11th Mumbai Mayors Cup 2018"]
[Site "Mumbai"]
[Date "2018.06.04"]
[Round "2"]
[White "Barath Kalyan M"]
[Black "Sammed Jaykumar, Shete"]
[Result "1-0"]
[WhiteElo "2079"]
[BlackElo "2375"]
[Annotator "TA"]
[PlyCount "70"]
[EventDate "2018.??.??"]
[EventType "swiss"]
[EventCountry "IND"]
[SourceTitle "playchess.com"]
[Source "ChessBase"]
[SourceQuality "1"]

{[%evp 17,70,0,13,-1,4,-8,4,-20,-13,-47,102,103,93,93,109,109,99,100,128,113,160,161,212,191,188,201,202,60,58,58,65,65,66,73,268,270,244,227,227,215,219,216,216,213,221,208,207,202,207,187,476,122,159,151,133]} 1. c4 e5 2. Nc3 Nf6 3. g3 Bb4 4. Bg2 Bxc3 5. bxc3 O-O 6. Nf3 {[%cal Bg1f3,Bf3d4,Bd4b5,Bb5d6][%mdl 32]} Re8 7. O-O d6 8. d3 e4 9. Nd4 h6 {LiveBook: 7 Partien. A22: Englische Eröffnung} 10. h3 Nbd7 11. Rb1 Ne5 {Die Stellung ist ausgeglichen.} (11... a6 12. Be3 Ne5 13. Nb3 exd3 14. exd3 Bf5 15. Nc1 Nxc4 16. Rxb7 Nxe3 17. fxe3 {1-0 (70) Mamedov,R (2657)-Grigoriants,S (2603) Berlin 2015}) 12. Bf4 $146 ({Vorgänger:} 12. f4 Ned7 13. Nc2 c6 14. Kh2 d5 15. Ne3 dxc4 16. dxc4 Nb6 17. Qd4 Qe7 {½-½ (43) Kachar,V (2342)-Loginov,A (2231) Moscow 2008}) 12... c5 13. Nb5 a6 {[#]} (13... exd3 $1 $15 {bleibt weiter vorne.} 14. exd3 Bf5) 14. Nxd6 $1 $16 {[%mdl 512]} Qxd6 15. d4 {[%cal Bd3d4,Bd4e5,Be5e6][%mdl 32]} Qe6 16. dxe5 Nd7 17. Bxe4 g5 18. Bd5 (18. Bxb7 Bxb7 19. Rxb7 Red8 $14) 18... Qxh3 {[#]} 19. e6 $1 {[%cal Re6f7]} ({Bloß nicht} 19. Bxb7 $6 Bxb7 20. Rxb7 gxf4 $14) 19... fxe6 (19... Rxe6 {war einen Versuch wert.} 20. Bxe6 Qxe6) 20. Bxb7 Bxb7 21. Rxb7 Re7 22. Rxd7 (22. Bxg5 $18 hxg5 23. Rxd7) 22... Rxd7 23. Qxd7 gxf4 $18 {[%mdl 4096] Endspiel KDT-KDT} 24. Qc7 ({Aber nicht} 24. gxf4 $2 Kh8 $19) 24... Rf8 25. Rb1 $40 {[%mdl 128] Beabsichtigt Tb7 und Matt. Schwarz ist in Schwierigkeiten.} Qg4 $2 (25... fxg3 $16 26. Qxg3+ Qxg3+ 27. fxg3 Rf5) 26. Rb7 {[%csl Gb7][%cal Rc7h7]} Qg6 27. Rb8 fxg3 28. Rxf8+ ({Finger weg von} 28. fxg3 $6 Rxb8 29. Qxb8+ Kf7 $16) 28... Kxf8 29. Qxc5+ {KD-KD} Kf7 30. Qc7+ Kf6 31. fxg3 Qb1+ 32. Kf2 Qxa2 33. Qd8+ Kg6 $2 (33... Kf7 {kämpft weiter.}) 34. Qd3+ $2 (34. c5 $18 {ist der präzise Gewinnweg.} Qa3 35. Qd4) 34... Kf6 35. Qd4+ Ke7 {Precision: Weiß = 52%, Schwarz = 38%.} 1-0

[Event "11th Mumbai Mayors Cup 2018"]
[Site "Mumbai"]
[Date "2018.06.04"]
[Round "3"]
[White "Kravtsiv, Martyn"]
[Black "Pranesh M"]
[Result "1-0"]
[WhiteElo "2662"]
[BlackElo "1983"]
[Annotator "TA"]
[PlyCount "35"]
[EventDate "2018.??.??"]
[EventType "swiss"]
[EventCountry "IND"]
[SourceTitle "playchess.com"]
[Source "ChessBase"]
[SourceQuality "1"]

{[%evp 9,35,2,14,9,12,-22,21,18,18,14,26,29,138,132,128,117,191,191,230,192,203,168,172,163,663,656,1588,1552]} 1. c4 Nf6 2. Nc3 e5 3. Nf3 Nc6 4. g3 Bb4 5. Bg2 Bxc3 6. bxc3 {A29: English Opening: Four Knights Variation with 4 g3} d6 (6... O-O 7. O-O h6 8. d3 e4 9. Nd4 Re8 10. Bf4 d6 11. Nxc6 bxc6 12. Qa4 c5 13. d4 Bg4 14. Rfe1 Nd7 15. Qa5 g5 16. Bc1 Nb6 17. dxc5 Re5 {½-½ (56) Matlakov,M (2709)-Bologan,V (2600) Moscow 2018}) 7. d4 e4 $146 ({Predecessor:} 7... Qe7 8. d5 Nb8 9. O-O O-O 10. Qc2 Nbd7 11. Nh4 Nb6 12. Qd3 {0-1 (34) Zubia Aramburu,M (1922)-Pinilla Santibanez,R (2114) San Sebastian 2006}) 8. Nd2 {[%cal Bf3d2,Bd2f1,Bf1e3][%mdl 32] The position is equal.} Bf5 9. Qc2 {[%cal Rd2e4]} Qe7 10. Nf1 Ng4 (10... Bg6 $11) 11. h3 $36 {[%cal Bh2h3,Bh3h4][%mdl 2080] White is really pushing.} Nf6 12. Bg5 {Black must now prevent Ne3.} Bg6 (12... h6 $16 {was necessary.}) 13. Ne3 $18 O-O-O 14. h4 {[#] h5! is the strong threat.} h6 15. Bxf6 Qxf6 16. Rb1 Na5 $2 (16... b6 17. Qa4 (17. Bxe4 Rde8 $16) 17... Kb7) 17. Qa4 Nc6 18. Bh3+ {Precision: White = 77%, Black = 14%.} 1-0

[Event "11th Mumbai Mayors Cup 2018"]
[Site "Mumbai"]
[Date "2018.06.04"]
[Round "3"]
[White "Amonatov, Farrukh"]
[Black "Mrudul Dehankar"]
[Result "1-0"]
[WhiteElo "2605"]
[BlackElo "1971"]
[Annotator "TA"]
[PlyCount "97"]
[EventDate "2018.??.??"]
[EventType "swiss"]
[EventCountry "IND"]
[SourceTitle "playchess.com"]
[Source "ChessBase"]
[SourceQuality "1"]

{[%evp 15,97,29,25,0,33,24,43,14,13,4,31,3,52,0,30,23,35,0,0,-15,6,-19,12,11,12,10,5,13,10,0,0,0,0,0,0,-80,-53,-79,-40,-53,-29,-110,-56,-46,-62,-109,-28,-30,-30,-34,118,76,97,89,88,-15,-14,-61,-70,-81,0,0,0,-6,129,83,347,321,333,350,834,1302,1286,1218,834,613,6219,6220,6103,6113,5365,972,5314,5289]} 1. e4 c6 2. d4 d5 3. e5 Bf5 4. Nd2 e6 5. Nb3 Nd7 6. Nf3 Ne7 {B12: Caro-Kann: Advance Variation} (6... c5 7. dxc5 a6 8. Be3 Ne7 9. Be2 Be4 10. Ng5 Nxe5 11. Nxe4 dxe4 12. c3 Nf5 13. Bd4 Nc6 14. O-O {½-½ (41) Anand,V (2776)-Caruana,F (2784) Karlsruhe/Baden-Baden 2018}) 7. Be2 Bg6 8. O-O Nf5 {LiveBook: 353 Games. White has an edge.} 9. h3 h5 10. Bd2 $146 ({Predecessor:} 10. Bg5 Be7 11. Bxe7 Qxe7 12. Re1 Nh4 13. Rc1 Nxf3+ 14. Bxf3 h4 {1-0 (45) Szablowski,P (2288)-Piankov,E (2341) Brno 2010}) 10... Be7 11. Ba5 Qc8 12. Rc1 Nb6 13. Nbd2 h4 14. c4 ({White should play} 14. c3 $14) 14... Nxc4 15. Nxc4 dxc4 16. Bxc4 Qd7 17. Bc3 a5 18. Qe2 O-O 19. a4 Bh5 20. Rfd1 Bg5 21. Ra1 Rfd8 22. b3 Bh6 23. Qe4 Qc7 24. Rd3 Bg6 $36 {[%mdl 2048] ...Nxd4 is the strong threat. Black has good play.} 25. Qg4 {[#]} (25. Qe2 $11) 25... b5 $1 $17 {[%cal Rb5c4][%mdl 512]} 26. axb5 cxb5 27. Bxb5 Ne7 28. Bd2 (28. Be1 $1 $11 {keeps the balance.}) 28... Bf5 ({Better is} 28... Qb6 $17 29. Bc4 Bf5 30. Qxh4 Ng6) 29. Qxh4 $15 Ng6 30. Qg3 {Threatens to win with Bxh6.} Bxd3 (30... Qb6 $1 $17 {[%cal Rb6b5]} 31. Bc4 Bxd3 32. Bxd3 Bxd2 33. Bxg6 fxg6 34. Nxd2 Qxd4) 31. Bxd3 $11 Bxd2 32. Bxg6 Qc3 $2 (32... Bh6 $15 {stays ahead.} 33. Be4 Rab8) 33. Rd1 fxg6 34. Rxd2 Rf8 35. Re2 ({White should try} 35. Kh2 $16) 35... Qxb3 36. Kh2 Qd3 $1 {[%cal Rd3e2]} 37. Rd2 {[#]} Qc3 (37... Qf5 $1 $17) 38. Ra2 Qd3 39. Qh4 {And now Ng5 would win.} g5 (39... Rxf3 $11 40. gxf3 Qxf3) 40. Nxg5 $16 Ra6 $2 {[%mdl 8192] [#]} (40... Qg6 $16) 41. Ra3 $3 $18 {[%cal Ra3d3][%mdl 512]} Qg6 {[#]} (41... Qxa3 42. Qh7#) 42. Rg3 $1 Qc2 $2 (42... Ra7 43. Ne4 Qf5 44. Nf6+ Rxf6 45. exf6 Rf7 46. fxg7 Rxg7) 43. Ne4 {Intending Qe7 and mate.White is clearly winning.} Ra7 44. Nf6+ Rxf6 45. exf6 {[%cal Be5f6,Bf6f7][%mdl 32]} Qf5 46. Qh6 {[%cal Rg3g7]} Qh7 47. Qf4 {Qb8+ would kill now.} Rf7 48. Qb8+ Rf8 {[#]} 49. f7+ $1 {Precision: White = 49%, Black = 39%.} 1-0

[Event "11th Mumbai Mayors Cup 2018"]
[Site "Mumbai"]
[Date "2018.06.04"]
[Round "3"]
[White "Ghosh, Diptayan"]
[Black "Parthasarathy, R."]
[Result "0-1"]
[WhiteElo "2536"]
[BlackElo "1916"]
[Annotator "TA"]
[PlyCount "130"]
[EventDate "2018.??.??"]
[EventType "swiss"]
[EventCountry "IND"]
[SourceTitle "playchess.com"]
[Source "ChessBase"]
[SourceQuality "1"]

{[%evp 14,130,27,22,50,46,44,13,64,64,68,66,67,31,56,26,27,15,38,-9,-5,0,20,0,21,-1,6,6,83,0,0,0,0,0,0,-22,0,0,0,0,28,0,0,-37,0,0,8,-50,-13,-50,75,78,52,53,81,81,81,80,112,108,148,100,100,100,102,100,108,69,65,0,0,0,65,70,44,0,0,-36,154,162,156,156,185,155,155,155,315,333,374,374,374,374,374,374,421,421,409,-1068,-1109,-1087,-1078,-1044,-851,-817,-781,-1226,-960,-8123,-7327,-29950,-29945,-12850,-11583,-5916,-5418,-1496,-532,-532,-518]} 1. Nf3 d6 2. d4 g6 3. g3 Bg7 4. Bg2 Nd7 5. c4 e5 6. Nc3 Ne7 7. O-O O-O 8. e3 {[%cal Be2e3,Be3e4][%mdl 32] LiveBook: 62 Games} Nb6 {A41: 1 d4 d6: Tartakower System and Modern Defence} (8... a5 9. b3 Nc6 10. Bb2 Re8 11. h3 e4 12. Ne1 f5 13. Nc2 Nf6 14. a3 d5 15. f4 Be6 16. c5 {1-0 (41) Movsesian,S (2679)-Kuybokarov,T (2491) Moscow 2017}) 9. b3 Nc6 10. h3 Bf5 $146 ({Better is} 10... Re8 $11) ({Predecessor:} 10... a5 11. a4 Bf5 12. Bb2 Nb4 13. e4 Be6 14. Ne2 f6 15. Qd2 f5 16. dxe5 fxe4 {1-0 (45) Estrada Degrandi,W-Wernik,R Uruguay 1982}) 11. d5 $14 Ne7 12. e4 Bc8 13. Ne1 f5 14. Nd3 Nd7 15. Bd2 Nf6 16. Kh2 fxe4 17. Nxe4 Nf5 18. Bc3 Bd7 19. Qc2 Qe7 20. Rae1 Rae8 (20... Nxe4 $11 {remains equal.} 21. Bxe4 (21. Rxe4 c5 $11) 21... Qf6) 21. Qd1 (21. f4 $1 $16) 21... Nxe4 $11 22. Bxe4 Qg5 23. Bd2 Qd8 24. Kg2 Nd4 25. Bc3 Qc8 26. Rh1 Nf5 27. Qc2 Bh6 28. Qb2 Qd8 29. h4 Ng7 30. c5 (30. f3 $11) 30... Bf5 31. Qe2 Nh5 {[#]} (31... Bxe4+ $15 {stays ahead.} 32. Qxe4 Nh5) 32. Bxf5 $1 $16 Rxf5 33. g4 $1 $36 {[%cal Rg4f5][%mdl 2048] White is pushing.} Nf4+ 34. Nxf4 Rxf4 35. Bd2 dxc5 36. Bxf4 Qxd5+ 37. f3 Bxf4 38. Rd1 Qe6 39. Qe4 {[%mdl 1024] White has strong compensation.} b5 40. Rd5 Be3 $1 41. Rdd1 ({White should play} 41. h5 $14 c6 42. Rdd1) 41... Bd4 42. h5 Rf8 ({Black should try} 42... g5 $11) 43. hxg6 $14 Qxg6 44. Qd5+ Kg7 45. Rd2 e4 $2 (45... c6 $15 46. Qe4 Qxe4 47. fxe4 Rf4) 46. Qxe4 $16 Qxe4 47. fxe4 {[%mdl 4096] Endgame KRR-KRB} Rf4 {[#]} 48. Re2 $1 Rxg4+ 49. Kf3 Rg5 $2 (49... Rg6 $16) 50. Reh2 $18 Be5 51. Rxh7+ Kf6 52. R1h6+ Rg6 53. Ke2 c4 54. bxc4 bxc4 55. Kd2 $4 {[%mdl 8192]} (55. Ke3 $18) 55... Bf4+ $19 56. Kc3 Rxh6 {KRB-KR} 57. Rd7 Bd6 58. Kxc4 Ke5 59. Rd8 Kxe4 60. Ra8 Rh1 61. Rxa7 Rc1+ 62. Kb3 Kd5 {Black is clearly winning.} 63. a4 Rb1+ 64. Kc2 Rb4 65. a5 Kc6 {Precision: White = 38%, Black = 40%.} 0-1

[Event "11th Mumbai Mayors Cup 2018"]
[Site "Mumbai"]
[Date "2018.06.04"]
[Round "3"]
[White "Burmakin, Vladimir"]
[Black "Bhatt, Jalpan"]
[Result "1/2-1/2"]
[WhiteElo "2528"]
[BlackElo "1965"]
[Annotator "TA"]
[PlyCount "61"]
[EventDate "2018.??.??"]
[EventType "swiss"]
[EventCountry "IND"]
[SourceTitle "playchess.com"]
[Source "ChessBase"]
[SourceQuality "1"]

{[%evp 28,61,34,29,26,5,45,56,46,63,59,66,115,115,140,113,139,133,135,138,126,115,177,177,177,172,151,114,197,160,305,296,497,396,818,816]} 1. Nf3 Nf6 2. g3 g6 3. b3 Bg7 4. Bb2 O-O 5. Bg2 c5 6. c4 Nc6 7. O-O d5 8. cxd5 Nxd5 9. Bxg7 Kxg7 10. d4 cxd4 11. Nxd4 Ndb4 {A05: Übergänge in verschiedene Eröffnungen} 12. Nxc6 Nxc6 13. Bxc6 bxc6 14. Qxd8 Rxd8 15. Nc3 {LiveBook: 8 Partien} c5 {[#]} 16. Rfd1 $146 ({Vorgänger:} 16. Rfc1 Ba6 17. Kf1 c4 18. b4 Rac8 19. Ke1 {1-0 (36) Burmakin,V (2578)-Krassowizkij,J (2423) Schwaebisch Gmuend 2015}) 16... Ba6 17. Kf1 Rd4 18. Ke1 Rb8 19. Rac1 Rbd8 20. Na4 Rxd1+ 21. Rxd1 Rxd1+ 22. Kxd1 $16 {[%mdl 4096] Endspiel KL-KS} c4 {[#]} 23. b4 $1 Kf6 24. Kd2 Ke5 {[#]} (24... Bb5 $16 25. Nc3 Bc6) 25. Kc3 $1 $18 Bc8 26. Nb2 (26. Kxc4 Be6+ 27. Kc5 Bxa2) 26... Kd5 27. Nxc4 Ba6 (27... Bd7 $16) 28. a4 f5 (28... Bc8 $16 {ist wohl besser.} 29. b5 Kc5) 29. b5 Bc8 $2 (29... Bb7 {war nötig.} 30. Kb4 e5) 30. Kb4 Kd4 $2 (30... Bb7 31. a5 a6) 31. Na5 {[%mdl 32768] Precision: Weiß = 96%, Schwarz = 38%. . An unexpected result.} 1/2-1/2